| 000 | 00544nam a2200169Ia 4500 | ||
|---|---|---|---|
| 003 | LDD | ||
| 008 | 190117s9999 xx 000 0 und d | ||
| 020 | _c₹70 | ||
| 040 | _cLDD | ||
| 041 | _ahi | ||
| 082 | _a8H0.9 शं5844बौ | ||
| 100 | _aशंभुनाथ | ||
| 245 | 0 |
_aबौद्धिक उपनिवेशवाद की चुनौती और रामचंद्र शुक्ल _cशंभुनाथ |
|
| 260 |
_aदिल्ली _bयात्री _c1988 |
||
| 300 | _a167प्र. | ||
| 942 |
_2ddc _cH |
||
| 999 |
_c170340 _d170340 |
||